|
|
|
|
| LEADER |
00000cam a22000004a 4500 |
| 001 |
musev2_89957 |
| 003 |
MdBmJHUP |
| 005 |
20230905053005.0 |
| 006 |
m o d |
| 007 |
cr||||||||nn|n |
| 008 |
200509s2017 nyu o 00 0 eng d |
| 020 |
|
|
|a 9780814776636
|
| 040 |
|
|
|a MdBmJHUP
|c MdBmJHUP
|
| 100 |
1 |
|
|a Renshon, Stanley A.
|
| 245 |
1 |
4 |
|a The Psychological Assessment of Presidential Candidates /
|
| 264 |
|
1 |
|a New York :
|b New York University Press,
|c 2017.
|
| 264 |
|
3 |
|a Baltimore, Md. :
|b Project MUSE,
|c 0000
|
| 264 |
|
4 |
|c ©2017.
|
| 300 |
|
|
|a 1 online resource.
|
| 336 |
|
|
|a text
|b txt
|2 rdacontent
|
| 337 |
|
|
|a computer
|b c
|2 rdamedia
|
| 338 |
|
|
|a online resource
|b cr
|2 rdacarrier
|
| 500 |
|
|
|a Description based upon print version of record.
|
| 506 |
0 |
|
|a Open Access
|f Unrestricted online access
|2 star
|
| 588 |
|
|
|a Description based on print version record.
|
| 650 |
|
7 |
|a Presidential candidates
|x Psychology.
|2 fast
|0 (OCoLC)fst01075712
|
| 650 |
|
0 |
|a Presidential candidates
|z United States
|x Psychology.
|
| 651 |
|
7 |
|a United States.
|2 fast
|0 (OCoLC)fst01204155
|
| 655 |
|
7 |
|a Electronic books.
|2 local
|
| 710 |
2 |
|
|a Project Muse.
|e distributor
|
| 830 |
|
0 |
|a Book collections on Project MUSE.
|
| 856 |
4 |
0 |
|z Texto completo
|u https://projectmuse.uam.elogim.com/book/89957/
|